1313 1706 1696 1675 1076 1066 1611 1944 1539 1829 1512 1860 1796 1647 1304 1812 1622 1329 1389 1768 1584 1931 1568 1472 1184 1912 1756 1652 1388 1889 1597 1308 1218 1536 1642 1073 1138 1422 1877 1813 1194 1759 1496 1502 1710 1575 1092 1525 1522 1919 1365 1391 1995 1210 1707 1934 1748 1852 1102 1126 1745 1119 1586 1147 1706 1272 1056 1575 1476 1923 1808 1084 1548 1799 1290 1463 1627 1873 1227 1321 1085 1004 1256 1193 1364 1916 1973 1728 1935 1170 1452 1260 1216 1292 1151 1377 1206 1379 1962 BCNSPRNW ULIB Ver.6.0+V

เปลี่ยนเป็นภาษาไทย

Change to English
 แสดงรายละเอียดบรรณานุกรม
  กลับหน้าหลัก

Brief Record : Get Marc (ISO 2709) : E-mail record : QR code < ปิดหน้าต่าง
LEADER : 00000nam 2200000uu 4500
001    13399110911
003     ULIB
008    110613s2551||||th 000 0 tha d
060  4 WY18.2^bค127ค2551
110 1  คณาจารย์สาขาการพยาบาลเด็กและวัยรุ่น วิทยาลัยพยาบาลบรมราชชนี เครือข่ายภาคเหนือ
245 02 คู่มือเตรียมความพร้อมวิชาการพยาบาลเด็กและวัยรุ่น^n=Nursing care of children and adolescents./^cbyคณาจารย์สาขาการพยาบาลเด็กและวัยรุ่น วิทยาลัยพยาบาลบรมราชชนี เครือข่ายภาคเหนือ
260    นครสวรรค์:^bวิทยาลัยพยาบาลบรมราชชนี เครือข่ายภาคเหนือ,^c2551.
300    226 หน้า:^bตาราง
650  7 การพยาบาลเด็ก
945    ^p110^l0^i030142
945    ^p110^l0^i022908
945    ^p110^l0^i022906
945    ^p110^l0^i022905
945    ^p110^l0^i022904
945    ^p110^l0^i022907
995    เกษร
999 ^a ใช้งานได้ทุกระบบ
รายการนี้ยังไม่มีแท็ก
คุณยังไม่ได้ล็อกอิน คุณสามารถมีกิจกรรมร่วมกับเว็บไซต์ได้ แต่ต้องล็อกอินก่อน ::
  ล็อกอิน

รายการสื่อสารสนเทศ

ลำดับที่ ประเภท เลขเรียก/บาร์โค้ด สถานที่ สถานะ
- ไม่พบข้อมูล -

รายการใกล้เคียง
    หัวเรื่อง [การพยาบาลเด็ก]

BibComment


ยังไม่เคยถูกคอมเมนท์

คอมเมนท์ทรัพยากรรายการนี้
  คอมเมนท์: คู่มือเตรียมความพ..


 Copyright 2026. Bcnsprnw @Library